000 00549nam a2200181Ia 4500
001 7615
005 20260306160508.0
008 260306t2009||||xx |||||||||||||| ||spa||
041 _aESP
082 _a352.283
_bP43
100 _aPerú. Congreso. Comisión de Descentralización, Regionalización, Gobiernos Locales y Modernización de la Gestión del Estado
_eAUT
245 0 _aEvaluación del proceso de descentralización
260 _c2009
300 _a92 páginas :
_c24 cm.
650 _aGEN
654 _aCAN
942 _cLIB
_dJUS
_fJUS
_2ddc
_n
999 _c7615
_d7615